000 01185nam0a22003131 4500
001 rc\4164937
005 20260407063935.0
021 _aRU
_b[52-13077]
035 _a(NLR Aleph) 008179021
090 _a7903224
_c7903224
100 _a20130415d1952 u y0rusy50 ca
101 0 _arus
102 _aRU
105 _aab z |||||
200 1 _aН.Н. Миклухо-Маклай
_fПод ред. Н.Н. Баранского
205 _a2-е изд.
210 _aМосква
_cГеографгиз
_d1952
215 _a40 с.
_cил., карт.
_d20
606 _aПапуасы
_2psbo
607 _aНовая Гвинея
_xПутешествия
_2psbo
700 1 _8rus
_7ca
_aЧуковская
_bЛ. К.
_gЛидия Корнеевна
_f1907-1996
_3RU\NLR\AUTH\771181
_9111210
702 1 _aБаранский
_bН.Н.
_4340
702 1 _4570
_8rus
_7ca
_aМиклухо-Маклай
_bН. Н.
_cэтнограф, антрополог, путешественник
_f1846-1888
_gНиколай Николаевич
_3RU\NLR\AUTH\7713928
_9123607
801 0 _aRU
_bNLR
_gpsbo
801 1 _aRU
_bELAR
_2rusmarc
852 _aNLR
_jГ02 Г-4/180
942 _cBOOK
980 _aNB